000 00503nam a22001931a 4500
001 6117
003 OSt
005 20260204212040.0
008 060308s1998||||mx ||||||b||||||||||spa||
020 _a9701020685
050 _a004 M432o
100 _aMatthews, Martin S.
245 _aOffice 97 soluciones soporte técnico, certificado / Martin S. Matthews
264 _aMéxico : McGraw-Hill
300 _a468 p
500 _aIncluye indice.
650 _a1.Informática 2.OfficeÌ
942 _2ddc
_cBK
999 _c6117
_d6117